000 00503cam a2200205ua 4500
001 1304
005 20260515113319.0
008 110701n ii |||gr||||Z||||||asm
020 _a81-7339-495-4
040 _cMAIN
082 _a338.9
100 _aBaruah, Minoti Gogoi.,
245 _aUnnayan arthanity.
_cBy Minoti Gogoi Baruah.
250 _a2nd.
260 _aDibrugarh.:
_bBanalata.,
_c2007.
300 _a486 p.:
_c25 cm.
653 _aEconomics.
653 _aUnnayan arthanity.
942 _cBK
999 _c1205
_d1205